داعش : (رقم التسجيلة. 131949)

تفاصيل مارك
000 -الفاتح
عناصر البيانات ثابتة الطول 00657cam a2200193 i 4500
005 - تاريخ ووقت آخر معاملة
حقل ضبط 20251209111515.0
008 - عناصر البيانات ثابتة الطول
عناصر البيانات ثابتة الطول 250721s2015 jo gr 000 0 ara d
082 14 - رقم تصنيف ديوي العشري
رقم التصنيف 215.66
رقم المادة ع ز و
100 1# - مدخل رئيسي – اسم شخصي
الاسم الشخصي العزوني، أسعد علي حسين
علاقة الشخص بالعمل/ دوره مؤلف.
245 10 - بيان العنوان
العنوان داعش :
بقية العنوان النشأة والتوظيف /
بيان المسؤولية أسعد العزوني.
250 ## - بيان الطبعة
بيان الطبعة الطبعة الأولى.
264 31 - بيانات النشر، التوزيع…إلخ
مكان النشر، التوزيع...إلخ عمان :
اسم الناشر، الموزع...إلخ دار دجلة،
تاريخ النشر، التوزيع...إلخ 2015.
300 ## - الوصف المادي
عدد الوحدات المكونة للوعاء 353 صفحة.
650 17 - مدخل إضافي بالموضوع - مصطلح موضوعي
مصطلح موضوعي أو اسم جغرافي كعنصر مدخل الفرق الإسلامية.
650 17 - مدخل إضافي بالموضوع - مصطلح موضوعي
مصطلح موضوعي أو اسم جغرافي كعنصر مدخل دفع المطاعن عن الإسلام.
650 17 - مدخل إضافي بالموضوع - مصطلح موضوعي
مصطلح موضوعي أو اسم جغرافي كعنصر مدخل الإرهاب.
942 ## - بيانات إضافية (كوها)
نوع التنصيف Dewey Decimal Classification
نوع المادة (كوها) كتب
المقتنيات
حالة السحب حالة الفقدان مصدر التصنيف حالة التلف غير قابل للإعارة المكتبة الرئيسية المكتبة الحالية موقع الرف تاريخ التزويد الرقم المتسلسل Total Checkouts رقم الإستدعاء الباركود تاريخ آخر ظهور تاريخ الفاتورة نوع المادة (كوها)
    Dewey Decimal Classification     المكتبة المركزية المكتبة المركزية الإعارة 28/07/2025 1611099   215.66 / ع ز و PLD00343174 28/07/2025 28/07/2025 كتب
    Dewey Decimal Classification     المكتبة المركزية المكتبة المركزية مقتنيات قسم التزويد 28/07/2025 1611100   215.66/عزو   28/07/2025 28/07/2025 كتب
    Dewey Decimal Classification     مكتبة أبو علندا العامة مكتبة أبو علندا العامة الإعارة 30/08/2015 1611112   215.66/عزو PLD00343534 28/07/2025 30/08/2015 كتب
    Dewey Decimal Classification     مكتبة الأميرة ايمان العامة مكتبة الأميرة ايمان العامة الإعارة 30/08/2015 1611109   215.66/عزو PLD00343531 28/07/2025 30/08/2015 كتب
    Dewey Decimal Classification     مكتبة الاميرة بديعة مكتبة الاميرة بديعة الإعارة 30/08/2015 1611104   215.66/عزو PLD00343526 28/07/2025 30/08/2015 كتب
    Dewey Decimal Classification     مكتبة الجويدة مكتبة الجويدة الإعارة 30/08/2015 1611102   215.66/عزو PLD00343524 28/07/2025 30/08/2015 كتب
    Dewey Decimal Classification     مكتبة الحسن العامة مكتبة الحسن العامة الإعارة 30/08/2015 1611107   215.66/عزو PLD00343529 28/07/2025 30/08/2015 كتب
    Dewey Decimal Classification     مكتبة النصر العامة مكتبة النصر العامة الإعارة 30/08/2015 1611101   215.66/عزو PLD00343523 28/07/2025 30/08/2015 كتب
    Dewey Decimal Classification     مكتبة حمزة العامة مكتبة حمزة العامة الإعارة 30/08/2015 1611113   215.66/عزو PLD00343535 28/07/2025 30/08/2015 كتب
    Dewey Decimal Classification     مكتبة صويلح العامة مكتبة صويلح العامة الإعارة 30/08/2015 1611110   215.66/عزو PLD00343532 28/07/2025 30/08/2015 كتب
    Dewey Decimal Classification     مكتبة وادي السير العامة مكتبة وادي السير العامة الإعارة 30/08/2015 1611111   215.66/عزو PLD00343533 28/07/2025 30/08/2015 كتب
Implemented & Customized by: BBB with SCIT (Smart Chains for Information Technology)

Powered by Koha